Comparisons of the standards of length of England, France, Belgium, Prussia, Russia, India, Australia (Record no. 114143)

MARC details
000 -LEADER
fixed length control field 00885cam a22001935a 4500
001 - CONTROL NUMBER
control field L156272
008 - FIXED-LENGTH DATA ELEMENTS--GENERAL INFORMATION
fixed length control field 120510s1866 xxk f 000 0 eng d
035 ## - SYSTEM CONTROL NUMBER
System control number (Sirsi) u156272
041 0# - LANGUAGE CODE
Language code of text/sound track or separate title eng
100 1# - MAIN ENTRY--PERSONAL NAME
Personal name Clarke, Alexander Ross
Dates associated with a name 1828-1914
245 00 - TITLE STATEMENT
Title Comparisons of the standards of length of England, France, Belgium, Prussia, Russia, India, Australia
Remainder of title made at the Ordnance survey office, Southampton
Statement of responsibility, etc. by Captain A. R. Clarke ... under the direction of Colonel Sir Henry James ... Published by order of the secretary of state for war
260 ## - PUBLICATION, DISTRIBUTION, ETC.
Place of publication, distribution, etc. London
Name of publisher, distributor, etc. Printed by George Edward Eyre and William Spottiswoode for H. M. S. O.
Date of publication, distribution, etc. 1866
300 ## - PHYSICAL DESCRIPTION
Extent 287 p., 9 fold. leaves of plates
Other physical details ill.
Dimensions 31 cm. (4o)
583 0# - ACTION NOTE
Action Condition reviewed
Time/date of action 20120620
Status condition level 1
651 #4 - SUBJECT ADDED ENTRY--GEOGRAPHIC NAME
Geographic name International
690 ## - LOCAL SUBJECT ADDED ENTRY--TOPICAL TERM (OCLC, RLIN)
Topical term or geographic name as entry element Measurement
9 (RLIN) 6256
710 1# - ADDED ENTRY--CORPORATE NAME
Corporate name or jurisdiction name as entry element Ordnance Survey
9 (RLIN) 1860
942 ## - ADDED ENTRY ELEMENTS (KOHA)
Suppress in OPAC 0
Holdings
Withdrawn status Lost status Source of classification or shelving scheme Damaged status Not for loan Home library Current library Shelving location Date acquired Total Checkouts Full call number Barcode Date last seen Copy number Price effective from Koha item type
    Dewey Decimal Classification     Historic collection Historic collection Historic collection 10/05/2012   FOLIO 1866 CLARKE 30077611 06/08/2019 1 06/08/2019 Book